El derecho al recurso y a la revisión amplia de la condena (Registro nro. 20622)

Detalles MARC
000 -LEADER
fixed length control field 00339 a2200109 4500
001 - CONTROL NUMBER
control field ART_60416
005 - DATE AND TIME OF LATEST TRANSACTION
control field 20260410161801.0
008 - FIXED-LENGTH DATA ELEMENTS--GENERAL INFORMATION
fixed length control field 260409a
100 1# - MAIN ENTRY--PERSONAL NAME
Personal name Sequeira, Marcos A.
245 10 - TITLE STATEMENT
Title El derecho al recurso y a la revisión amplia de la condena
773 0# - HOST ITEM ENTRY
Title Doctrina tributaria
Related parts - N° 528 (mar. 2024)
Record control number REV4296

No hay ítems disponibles.